Psychologie reklamy

Salvato in:
Dettagli Bibliografici
Autore principale: Vysekalová, Jitka
Altri autori: Komárková, Růžena
Natura: Libro
Lingua:ceco
Pubblicazione: Praha GRADA PUBLISHING 2002
Edizione:2. rozšír. a aktualiz. vyd.
Serie:Expert
Soggetti:
Tags: Aggiungi Tag
Nessun Tag, puoi essere il primo ad aggiungerne!!

MARC

LEADER 00000nam$a2200000$$$4500
001 0002419
005 20240306141621.7
020 |a 80-247-0402-1 
041 0 |a cze 
044 |a CZ 
245 1 0 |a Psychologie reklamy  |c Jitka Vysekalová, Růžena Komárková 
250 |a 2. rozšír. a aktualiz. vyd. 
264 1 |a Praha  |b GRADA PUBLISHING  |c 2002 
300 |a 264 s. 
490 1 |a Expert 
830 0 |a Expert 
610 2 0 |a reklama 
610 2 0 |a propagácia 
610 2 0 |a psychológia reklamy 
610 2 0 |a komunikácia masová 
610 2 0 |a psychológia 
610 2 0 |a komunikácia 
610 2 0 |a marketing 
610 2 0 |a motivácia 
100 1 |a Vysekalová, Jitka 
700 1 |a Komárková, Růžena